| 000 | 00356nam a2200133Ia 4500 | ||
|---|---|---|---|
| 008 | 240624s9999 xx 000 0 und d | ||
| 041 | _aeng | ||
| 082 | _a658.575 BOB | ||
| 100 | _aBOBROW EDWIN E | ||
| 245 | _aCOMPLETE IDIOTS GUIDE TO NEW PRODUCT DEV | ||
| 260 |
_c1999 _aNew Delhi _bPrentice-Hall of India |
||
| 300 | _axxiv, : 307 : cm. ; 24 | ||
| 365 | _cRS | ||
| 999 |
_c2118 _d2118 |
||